000 00603nam a22001697a 4500
003 NUST
038 _aNusrat Nadeem
082 _a200
100 _aBibi, Naseeha
_9125508
245 _aDevelopment of a cross-strain effective vaccine against H. influenzae strains using In-silico and In-vivo Approaches/
_c Naseeha Bibi,
264 _aIslamabad;
_bASAB NUST;
_c2024.
300 _a166,p
_bill
_c30,cm.
650 _aPhD- Applied Biosciences
_9123210
700 _aSupervisor : Dr. Najam us Sahar Sadaf Zaidi
_9123938
856 _uhttp://10.250.8.41:8080/xmlui/handle/123456789/45243
942 _2ddc
_cSC
999 _c611242
_d611242